Länder die das meiste Müsli produzieren - Statistiken

Allgemein
  • Dieses Quiz wurde 82 mal gespielt
    56 seit der letzten Aktualisierung
  • Das Durchschnittsergebnis liegt bei 11 aus 15
Antwortstatistiken
Hint Antwort % Korrekt
13. Deutschland
98%
2. USA
98%
1. China
96%
11. Frankreich
90%
8. Kanada
88%
3. Indien
85%
4. Russland
85%
5. Brasilien
77%
6. Argentinien
67%
7. Indonesien
67%
15. Türkei
67%
9. Ukraine
54%
14. Pakistan
46%
12. Vietnam
40%
10. Bangladesh
8%
Keine übereinstimmenden Quizze gefunden
Verteilung der Resultate
Anzahl Personen mit jedem Resultat
Perzentil nach korrekt beantworteten Fragen
Ihre Resultats-Entwicklung
Sie haben dieses Quiz seit der letzten Aktualisierung nicht gespielt